000 00476nam a22001937a 4500
003 MPLRDC
005 20220104143531.0
008 210129b ||||| |||| 00| 0 eng d
020 _a957-607-404-5
082 _a562.952 CHER
100 _aRON CHERNOW
245 _a银行家之死
_c刘世平译
250 _a初版
260 _a台湾
_b先觉
_c1999
300 _b
490 _a财经系列. 009
650 _a美国银行业历史
942 _cBK
_o562.952 CHER
999 _c40850
_d40840